| 000 | 00511nam a2200181Ia 4500 | ||
|---|---|---|---|
| 008 | 151018s9999 xx 000 0 und d | ||
| 082 |
_bRBASDV43093 _a891.463 |
||
| 100 | _aकेन फॉलेट | ||
| 245 | _aजॅक-डॉज | ||
| 250 | _b1 | ||
| 260 |
_bगायत्री साहित्य _c2006 |
||
| 300 | _a416 | ||
| 600 | _aकेन फॉलेट | ||
| 630 | _aजॅक-डॉज | ||
| 700 | _aकेन फॉलेट | ||
| 730 | _aजॅक-डॉज | ||
| 942 | _cBOOK | ||
| 999 |
_c1042311 _d1042308 |
||